00588 a2200169 4500020001800000050002200018100003700040245008000077250001200157264005400169300001600223500005100239504005100290650001900341700003500360700002300395 a978070218528100aKTL 1771 SCH 20091 aSchwikkard, Pamela-Jane,eauthor10aPrinciples of evidence /cP.J. Schwikkard, S.E. van der Merwe and Vos, W.L  a3rd ed. 1aClaremont, Cape Town, South Africa :bJuta,c2009 axxv, 638p.: aIncludes bibliographical references and index. aIncludes bibliographical references and index. 0aEvidence (Law)1 aVan der Merwe, S. E.,eauthor.1 a Vos, W.L eauthor